Statistics for Hamilton Song by Line

Click here to take the quiz!

General Stats

  • This quiz has been taken 2,911 times
    (2,895 since last reset)
  • The average score is 32 of 46

Answer Stats

HintAnswer% Correct
The world has no right to my heart / The world has no place in our bedBurn
95%
Longing for Angelica / Missing my wife/ That’s when Miss Maria Reynolds walked into my lifeSay No to This
90%
Raise a glass to freedom / Something they will never take awayThe Story of Tonight
86%
Eliza, I don’t have a dollar to my name / acre of land, a troop to command, a dollop of fameHelpless
83%
Don’t get me wrong, you’re a young man of great renown / I know you stole British cannons when we were still downtownRight Hand Man
83%
The Ship is in the harbor now / See if you can spot himAlexander Hamilton
82%
Geniuses, lower your voices / You keep out of trouble and you double your choicesMy Shot
82%
We can end this war at Yorktown, cut them off at sea, / but for this to succeed, there is someone else we needGuns and Ships
81%
Daddy said to be home by sundown / Daddy doesn’t need to knowThe Schuyler Sisters
81%
as our fallen foes retreat / I hear the drinking song they’re singing…Yorktown (The World Turned Upside Down)
80%
I know that we can win / I know that greatness lies in youHistory Has It's Eyes on You
79%
And I pray / That never used to happen beforeIt's Quiet Uptown
79%
You say / The price of my love’s not a price that you’re willing to payYou'll Be Back
79%
I remember that night / I just might / Regret that night for the rest of my daysSatisfied
77%
An immigrant embezzling our government funds / I can almost see the headline, your career is doneWe Know
75%
When your people say they hate you / Don’t come crawling back to meWhat Comes Next?
75%
I wanna talk about what I have learned / The hard-won wisdom I have earnedOne Last Time
74%
My grandfather was a fire and brimstone preacher / But there are things that the Homilies and hymns won't teach yaWait for It
73%
Washington hires Hamilton right on sight / But Hamilton still wants to fight, not writeA Winter's Ball
72%
If Alexander can get married / There’s hope for our ass, after all!The Story of Tonight (Reprise)
72%
Who provided those funds? / FranceCabinet Battle #2
71%
I wrote Eliza love letters until she fell / I wrote about The Constitution and defended it wellHurricane
71%
And there you are, an ocean away / Do you have to live an ocean away?Take a Break
71%
Such a blunder sometimes / It makes me wonder why I even bring the thunderCabinet Battle #1
70%
That can’t be / That’s that little guy who spoke to meI Know Him
70%
I helped Lafayette draft a declaration / Then I said, ‘I gotta go'What'd I Miss?
70%
Will you relish being a poor man’s wife / Unable to provide for your life? /That Would Be Enough
69%
Alexander Hamilton had a torrid affair / And he wrote it down right thereThe Reynolds Pamphlet
69%
In every place I checked / The only common thread has been your disrespectYour Obedient Servant
69%
I’m John Laurens in the place to be! / Two pints o’ Sam Adams, but I’m workin’ on three, uh!Aaron Burr, Sir
68%
Alexander, come back to sleep / I have an early meeting out of townBest of Wives and Best of Women
67%
The challenge demand satisfaction / If they apologize, no need for further actionTen Duel Commandments
67%
Wouldn’t you like to work a little closer to home? / Actually, I would / Well, I propose the PotomacThe Room Where It Happens
65%
Jefferson’s the runner-up, which makes him the Vice President / Washington can’t help you now, no more mister nice PresidentThe Adams Administration
63%
Confession time? Here’s what I got / My fellow soldiers’ll tell you I’m a terrible shotThe World Was Wide Enough
63%
Go home, Alexander / That’s an order from your commanderMeet Me Inside
62%
Oh, I can’t wait to see you again / It’s only a matter of timeWho Lives, Who Dies, Who Tells Your Story?
62%
I did exactly as you said / Pa I held my head up highStay Alive (Reprise)
60%
When you smile, I fall apart / And I thought I was so smartDear Theodosia
59%
I didn’t say anything that wasn’t true / Your father’s a scoundrel, and so, it seems, are youBlow Us All Away
54%
Chaos and bloodshed are not a solution / Don’t let them lead you astrayFarmer Refuted
52%
Can we get back to politics? / Please?The Election of 1800
51%
I am sailing off to London. / I’m accompanied by someone who always paysNon-Stop
46%
A thousand soldiers die in a hundred degree heat / As we snatch a stalemate from the jaws of defeatStay Alive
45%
If there’s a fire you’re trying to douse / You can’t put it out from inside the houseWashington on Your Side
43%
Wall Street thinks you’re great / You’ll always be adored by the things you createSchuyler Defeated
35%

Score Distribution

Percentile by Number Answered

Percent of People with Each Score

Your Score History

You have not taken this quiz since the last reset